Tilastot visalle Arvaa kunta - Uusimaa

Klikkaa tästä pelataksesi tätä visaa!

Yleistilastot

  • Tätä visaa on pelattu 93 kertaa
  • Keskiarvotulos 16 / 26

Vastaustilastot

HintVastaus% Oikein
Suomen pääkaupunkiHelsinki
100%
Suomen toiseksi suurin kaupunkiEspoo
97%
Suomen suurin lentokenttä sijaitsee täälläVantaa
97%
Suomen pinta-alaltaan pienin kuntaKauniainen
83%
Riihimäen naapurikaupunkiHyvinkää
80%
Entisen Itä-Uudenmaan maakunnan
suurin kaupunki
Porvoo
80%
Suomen eteläisin kuntaHanko
79%
Karjalohja liitettiin tähän kuntaan vuonna
2013
Lohja
67%
Kolmesta suunnasta Tuusulan ympäröimäJärvenpää
66%
Kunnan keskustaajama on nimeltään
Hyrylä
Tuusula
66%
Muodostaa Vantaan kanssa
oman hyvinvointialueen
Kerava
64%
Etelä-Suomen ainoat ydinvoimalat
sijaitsevat täällä
Loviisa
61%
Muodostettiin vuonna 2009 Tammisaaren,
Karjaan ja Pohjan yhdistyessä.
Raasepori
61%
Uudenmaan ainoa A-kirjaimella alkava
kunta
Askola
59%
Uudenmaan pisin kunnannimiKirkkonummi
56%
Suomen suurin kunta,
joka ei ole kaupunki
Nurmijärvi
56%
Uudenmaan pohjoisin kuntaMäntsälä
54%
Espoon ja Kirkkonummen lisäksi kolmas
Nuuksion kansallispuiston alueen kunta
Vihti
54%
Sijaitsee Siuntion ja Raaseporin välissäInkoo
50%
Vaakunassa esiintyy suden pääSipoo
41%
Ruotsinkieliseltä nimeltään HögforsKarkkila
34%
Uudenmaan vähäväkisin kuntaMyrskylä
34%
Aikoinaan tunnettu myös Vähä-PorvoonaPukkila
34%
Sijaitsee suoraan Loviisan pohjoispuolellaLapinjärvi
33%
Helsingin seudun kunnista pieninPornainen
26%
Y- ja X-lähijunien reittien päättöpisteSiuntio
26%

Tulosjakauma

Persentiili vastausten määrän mukaan

Jokaisen tuloksen saaneiden osuus

Tuloshistoriasi

Et ole pelannut tätä visaa